00606nam a2200193Ii 450000100060000000300090000600800410001502000150005604000330007104100080010408200160011210000190012824501080014726400640025530000120031933600260033133700280035733800270038518630CO-ViMGA241108s9999||||xx |||||||||||||| ||und|| a9588218942 aCO-ViMGAbspaerdacCO-ViMGA0 aspa04a070.44 D72a1 aManuel Drezner10aAdán tenía ombligo? :by muchas más preguntas y respuestas de la popular sección periodística 1aBogotá, Colombia : Editorial Fonolibros de Colombia, 2007 avolumen atextbtxt2rdacontent aunmediatedbn2rdamedia avolumebnc2rdacarrier